Sanat: "Älä mee" - Ressu Redford - Statistics

Yleistilastot
  • Tätä visaa on pelattu 69 kertaa
  • Keskiarvotulos 76 / 133
Vastaustilastot
Sanat % Oikein
älä
93%
Älä
93%
mee,
93%
mee...
93%
tai
93%
kaiken
88%
multa
88%
viet
88%
et
86%
ja
86%
Hei
83%
83%
jättää
81%
mua
81%
en
79%
saa
79%
sua
79%
Sua
79%
sua,
79%
voi
79%
Ethän
76%
Ilman
69%
elää
64%
enää
64%
62%
Kun
60%
mun
55%
sulle
50%
Oo
48%
oo
48%
Laulan
40%
laulun
40%
tää
40%
tämän
40%
Nyt
38%
ystävä
38%
kuule
36%
Mut
36%
sydän
36%
Vaikka
36%
ensimmäistä
33%
itkee
33%
jos
33%
Jos
33%
kertaa
33%
Anna
31%
kuinka
31%
kuunnellutkaan
31%
liioin
31%
tarvitsen
31%
viimeinen
31%
huomaan
29%
koskaan
29%
on
29%
vasta
29%
ettei
26%
jatkaa
26%
toivon
24%
laiminlöin
19%
saan
19%
ymmärtänyt
19%
tietää
17%
haluut
14%
joka
12%
luontoaan
12%
palaa
12%
huoleton,
10%
Itseäni
10%
kiroaa
10%
Kulkija
10%
syyttää
10%
ainoastaan
7%
huominen,
7%
luokseni
7%
Millainen
2%
Ehtoja vastaavia visoja ei löytynyt
Tulosjakauma
Jokaisen tuloksen saaneiden osuus
Persentiili vastausten määrän mukaan
Tuloshistoriasi
Et ole pelannut tätä visaa